00576nam a2200133Ia 4500008004100000041000800041100002800049245014200077260005400219300000800273700004100281999001900322952010100341250110s9999 xx 000 0 und d aeng aBaikar Siddhita9119778 aPositive Transformation Of Land Water Interface: Landscape Conservtion Policy Framework For Revdanda And Korlai Region Raigad Maharashtra bBNCA M Arch Landscape Architecture Landscpec2021 a62p aGuide Name:Khatavkar Anupama9210981 c364633d364633 00104070aBNCAbBNCAd2023-02-22l0pBNCA-PR-2133r2025-01-10 00:00:00w2025-01-10yPRzPR2133